000 00614nam a2200217Ia 4500
003 GCL
008 140319s9999 xx 000 0 eng d
020 _a0534400868
040 _aGCL /
_cGCL
082 0 4 _aCH
_b363.7
_bM S
100 1 _aMILLER, G . TYLER
245 1 0 _aSUSTAINING THE EARTH /
_cMILLER, G . TYLER
260 _aانجلترا :
_bTHOMSON . BROOKS\COLE ،
_c2004
300 _a32 CM ؛
_c111 P
650 0 4 _aENVIRONMENT
650 0 4 _aENVIRONMENT AND DEVELOPMENT
650 0 4 _aENVIRONMENTAL EDUCATION
650 0 4 _aENVIRONMENTAL CONTROL
650 0 4 _aENVIRONMENT & CHILDREN
942 _2ddc
_cBK
999 _c7262
_d7262